TOP 10 Piosenek - Oki - Statystyki

Ogólne statystyki
  • Ten quiz został rozwiązany 780 razy
    760 od ostatniego zresetowania
  • Średni wynik to 8 z 10
Statystyki odpowiedzi
Numer Tytuł Album % Poprawnych
05. Jeżyk! PRODUKT47
95%
02. Worki W Tłum OIO
87%
01. Amerykańskie Teledyski OIO
85%
04. Jakie To Uczucie? PRODUKT47
83%
06. SIRI 77747mixtape
77%
03. Przypadkiem OIO
74%
07. MVP OIO
73%
09. Doja Cat PRODUKT47
70%
08. Whoop? 47universe
63%
10. Pieniądze, Dziewczyny, Zwrotki PRODUKT47
56%
Nie znaleziono quizów pasujących do podanych kryteriów
Rozkład punktacji
Procent ludzi z każdym wynikiem
Percentyl według liczby udzielonych odpowiedzi
Twoja historia wyników
Nie rozwiązałeś tego quizu od ostatniego zresetowania